<?xml version="1.0" encoding="UTF-8"?>
<record
    xmlns:xsi="http://www.w3.org/2001/XMLSchema-instance"
    xsi:schemaLocation="http://www.loc.gov/MARC21/slim http://www.loc.gov/standards/marcxml/schema/MARC21slim.xsd"
    xmlns="http://www.loc.gov/MARC21/slim">

  <leader>01495nab a2200229 i 4500</leader>
  <controlfield tag="001">768714001</controlfield>
  <controlfield tag="003">CO-MdFUSB</controlfield>
  <controlfield tag="005">20230112163137.0</controlfield>
  <controlfield tag="008">211214b        ck ||||| |||| 00| 0 spa d</controlfield>
  <datafield tag="022" ind1=" " ind2=" ">
    <subfield code="a">1014-9341</subfield>
  </datafield>
  <datafield tag="040" ind1=" " ind2=" ">
    <subfield code="b">spa</subfield>
    <subfield code="a">CO-MdFUSB</subfield>
    <subfield code="c">CO-MdFUSB</subfield>
    <subfield code="d">CO-MdFUSB</subfield>
  </datafield>
  <datafield tag="041" ind1=" " ind2=" ">
    <subfield code="a">spa</subfield>
  </datafield>
  <datafield tag="100" ind1=" " ind2=" ">
    <subfield code="e">Autor</subfield>
    <subfield code="a">S&#xE1;nchez, Daniel R., </subfield>
  </datafield>
  <datafield tag="245" ind1=" " ind2=" ">
    <subfield code="a">Cosmovisi&#xF3;n animista</subfield>
    <subfield code="c">/ Daniel R. S&#xE1;nchez </subfield>
  </datafield>
  <datafield tag="300" ind1=" " ind2=" ">
    <subfield code="a">N&#xFA;mero 48 (Enero - Junio, 2011), p&#xE1;ginas 79-92</subfield>
    <subfield code="c">; 23 cm</subfield>
  </datafield>
  <datafield tag="520" ind1=" " ind2=" ">
    <subfield code="a">El animismo es la creencia en una multitud de seres espirituales poderosos, incluyendo dioses, ancestros y fuerzas impersonales, que tienen influencia sobre otros aspectos de la vida humana y, por lo tanto, deben ser complacidos, aplacados y controlados. la cosmovisi&#xF3;n esta interconectada, el universo est&#xE1; lleno de esp&#xED;ritus, los poderes se pueden controlar, y la adivinaci&#xF3;n es esencial. El mensaje cristiano tiene respuestas s&#xF3;lidas y poderosas para quienes est&#xE1;n esclavizados por creencias y pr&#xE1;cticas animistas. Los misioneros transculturales que trabajan con animistas deben estudiar sus creencias y pr&#xE1;cticas y c&#xF3;mo hacerles frente mientras proclaman el evangelio y fomentan la formaci&#xF3;n de comunidades de fe creyentes convertidos del animismo. </subfield>
  </datafield>
  <datafield tag="650" ind1=" " ind2="7">
    <subfield code="9">385</subfield>
    <subfield code="a">Religi&#xF3;n</subfield>
  </datafield>
  <datafield tag="653" ind1=" " ind2=" ">
    <subfield code="a">Animismo. </subfield>
  </datafield>
  <datafield tag="690" ind1=" " ind2=" ">
    <subfield code="a">Sociolog&#xED;a cristiana</subfield>
  </datafield>
  <datafield tag="773" ind1="0" ind2=" ">
    <subfield code="0">49489</subfield>
    <subfield code="9">79999</subfield>
    <subfield code="o">R2081</subfield>
    <subfield code="t">Kair&#xF3;s</subfield>
    <subfield code="w">(CO-MdFUSB)768714001</subfield>
    <subfield code="x">10149341</subfield>
    <subfield code="g">N&#xFA;mero 48 (Enero - Junio, 2011), p&#xE1;ginas 79-92</subfield>
    <subfield code="q">P&#xE1;gina 79</subfield>
  </datafield>
  <datafield tag="942" ind1=" " ind2=" ">
    <subfield code="c">ANA</subfield>
  </datafield>
  <datafield tag="999" ind1=" " ind2=" ">
    <subfield code="c">67086</subfield>
    <subfield code="d">67086</subfield>
  </datafield>
</record>
